| 000 | 00717nam a22002177a 4500 | ||
|---|---|---|---|
| 999 |
_c12222 _d12222 |
||
| 003 | AR-CdUCM | ||
| 008 | 190408b ||||| |||| 00| 0 spa d | ||
| 040 |
_aMUNICIPALIDAD PROVINCIAL DEL CUSCO _cBIBLIOTECA MUNICIPAL DEL CUSCO |
||
| 082 |
_a869.01 / _bC382 / 1947 |
||
| 100 |
_aCaviedes Del Valle, Juan _929972 |
||
| 245 | _aClásicos peruanos / | ||
| 260 |
_aLima : _bTipografía peruana, _c1947. |
||
| 300 |
_a335 páginas ; _c21 cm. |
||
| 505 | _aContenido: Obras completas. | ||
| 650 |
_aPoesía peruana _9806 |
||
| 650 |
_aTradiciones peruanas _9305 |
||
| 650 |
_aPoemas Siglo XX _91659 |
||
| 700 |
_aVargas Ugarte, Ruben (introducción y notas) _910401 |
||
| 942 |
_2ddc _cLIBROS |
||
| 945 |
_adavv _d08/04/2019 |
||